| 000 | 01092cam a2200313 i 4500 | ||
|---|---|---|---|
| 999 |
_c1678 _d1678 |
||
| 001 | 18395250 | ||
| 003 | GZU | ||
| 005 | 20201021102929.0 | ||
| 008 | 141204s2015 nyuab b 001 0 eng | ||
| 010 | _a 2014034070 | ||
| 020 | _a9780231173148 (cloth : alk. paper) | ||
| 020 | _a9780231173155 (pbk. : alk. paper) | ||
| 020 | _z9780231539005 (e-book) | ||
| 040 |
_aDLC _beng _cDLC _erda _dDLC |
||
| 042 | _apcc | ||
| 050 | 0 | 0 |
_aHC79.E5 _bSAC 2015 |
| 100 | 1 |
_aSachs, Jeffrey. _eauthor |
|
| 245 | 1 | 4 |
_aThe age of sustainable development / _cJeffrey D. Sachs. |
| 264 | 1 |
_aNew York : _bColumbia University Press, _c[2015] |
|
| 300 |
_axvi, 543 pages : _billustrations (cheifly color), color maps ; _c23 cm |
||
| 336 |
_atext _btxt _2rdacontent |
||
| 337 |
_aunmediated _bn _2rdamedia |
||
| 338 |
_avolume _bnc _2rdacarrier |
||
| 504 | _aIncludes bibliographical references (pages 513 - 519) and index. | ||
| 650 | 0 | _aSustainable development. | |
| 650 | 0 |
_aEconomic development _xEnvironmental aspects. |
|
| 906 |
_a7 _bcbc _corignew _d1 _eecip _f20 _gy-gencatlg |
||
| 942 |
_2lcc _cBK _h79.E5 _iSAC _kHC |
||